000 00509nam a2200205Ia 4500
005 20220930120807.0
008 131103s9999 xx 000 0 und d
020 _a74632493
040 _aLoreto College
041 _aEnglish
082 _a150
_bLAH
100 _aLahey,Benjamin B.
245 _aPsychology
_b An introduction
_cBenjamin B.Lahey
250 _a6th ed
260 _aNew Delhi
_bTata McGraw-Hill
_c1998
300 _axxvii,463p
650 _aPsychology
850 _aLCLIB
942 _cBK
999 _c36281
_d86760